Pricing and hedging of contingent credit lines

Bibliographic Details
Main Author: Loukoianova, Elena.
Corporate Authors: IMF Institute., International Monetary Fund., ProQuest (Firm)
Other Authors: Neftci, Salih N., Sharma, Sunil, 1958-
Format: Electronic eBook
Language:English
Published: [Washington, DC] : International Monetary Fund, IMF Institute, 2006.
Series:IMF working paper ; WP/06/13.
Subjects:
Online Access:Click to View
LEADER 01542nam a2200409Ia 4500
001 EBC3014471
003 MiAaPQ
005 20200520144314.0
006 m o d |
007 cr cn|||||||||
008 091006s2006 dcua sb i000 0 eng d
035 |a (MiAaPQ)EBC3014471 
035 |a (Au-PeEL)EBL3014471 
035 |a (CaPaEBR)ebr10380850 
035 |a (CaONFJC)MIL382436 
035 |a (OCoLC)694141143 
040 |a MiAaPQ  |c MiAaPQ  |d MiAaPQ 
050 4 |a HF5681.C67  |b L68 2006 
100 1 |a Loukoianova, Elena. 
245 1 0 |a Pricing and hedging of contingent credit lines  |h [electronic resource] /  |c prepared by Elena Loukoianova, Salih N. Neftci, and Sunil Sharma. 
260 |a [Washington, DC] :  |b International Monetary Fund, IMF Institute,  |c 2006. 
300 |a 24 p. :  |b ill. 
490 1 |a IMF working paper ;  |v WP/06/13 
500 |a "January 2006." 
504 |a Includes bibliographical references. 
533 |a Electronic reproduction. Ann Arbor, MI : ProQuest, 2015. Available via World Wide Web. Access may be limited to ProQuest affiliated libraries. 
650 0 |a Contingencies in finance. 
650 0 |a Hedging (Finance) 
650 0 |a Lines of credit  |x Prices. 
655 4 |a Electronic books. 
700 1 |a Neftci, Salih N. 
700 1 |a Sharma, Sunil,  |d 1958- 
710 2 |a IMF Institute. 
710 2 |a International Monetary Fund. 
710 2 |a ProQuest (Firm) 
830 0 |a IMF working paper ;  |v WP/06/13. 
856 4 0 |u https://ebookcentral.proquest.com/lib/matrademy/detail.action?docID=3014471  |z Click to View